Pastoralists, ethnicity and the state in Ethiopia / (Record no. 9069)

MARC details
000 -LEADER
fixed length control field 00888nam a22002775a 4500
001 - CONTROL NUMBER
control field 230782
003 - CONTROL NUMBER IDENTIFIER
control field OSt
005 - DATE AND TIME OF LATEST TRANSACTION
control field 20240704143300.0
008 - FIXED-LENGTH DATA ELEMENTS--GENERAL INFORMATION
fixed length control field 990421s1997 enkb b 000 0 eng d
010 ## - LIBRARY OF CONGRESS CONTROL NUMBER
LC control number 99199252
020 ## - INTERNATIONAL STANDARD BOOK NUMBER
International Standard Book Number 1874209421
040 ## - CATALOGING SOURCE
Original cataloging agency DDC
Transcribing agency MUST
082 ## - DEWEY DECIMAL CLASSIFICATION NUMBER
Classification number 320 H679P 1997
100 1# - MAIN ENTRY--PERSONAL NAME
Personal name Hogg, Richard.
9 (RLIN) 18445
245 10 - TITLE STATEMENT
Title Pastoralists, ethnicity and the state in Ethiopia /
Statement of responsibility, etc. edited by Richard Hogg.
260 ## - PUBLICATION, DISTRIBUTION, ETC. (IMPRINT)
Place of publication, distribution, etc. London :
Name of publisher, distributor, etc. Haan in association with the Institute for African Alternatives,
Date of publication, distribution, etc. 1997.
300 ## - PHYSICAL DESCRIPTION
Extent viii, 182 p.:
Other physical details maps ;
Dimensions 21 cm.
504 ## - BIBLIOGRAPHY, ETC. NOTE
Bibliography, etc Includes bibliographical references.
650 #0 - SUBJECT ADDED ENTRY--TOPICAL TERM
Topical term or geographic name as entry element Herders
Geographic subdivision Ethiopia.
9 (RLIN) 18446
650 #0 - SUBJECT ADDED ENTRY--TOPICAL TERM
Topical term or geographic name as entry element Ethnicity
Geographic subdivision Ethiopia.
9 (RLIN) 18447
650 #0 - SUBJECT ADDED ENTRY--TOPICAL TERM
Topical term or geographic name as entry element Pastoral systems
Geographic subdivision Ethiopia.
9 (RLIN) 18448
650 #0 - SUBJECT ADDED ENTRY--TOPICAL TERM
Topical term or geographic name as entry element Nomads
Geographic subdivision Ethiopia.
9 (RLIN) 18449
700 1# - ADDED ENTRY--PERSONAL NAME
Personal name Hogg, Richard.
9 (RLIN) 18445
942 ## - ADDED ENTRY ELEMENTS (KOHA)
Source of classification or shelving scheme Dewey Decimal Classification
Koha item type Open Shelf
Holdings
Withdrawn status Lost status Source of classification or shelving scheme Damaged status Not for loan Home library Current library Source of acquisition Inventory number Total Checkouts Full call number Barcode Date last seen Koha item type
    Dewey Decimal Classification     MUST Main Library MUST Main Library Purchase 2002/16752   320 H679P 1997 2024-21780 04/07/2024 Open Shelf
    Dewey Decimal Classification     MUST Main Library MUST Main Library Purched 2002/16757   320 H679P 1997 2024-22032 17/07/2024 Open Shelf